Catálogo
 En Linea

Critic-A-demas. / (Registro nro. 45557)

Detalles MARC
000 -CABECERA
campo de control de longitud fija 01673nam a2200217 a 4500
001 - NÚMERO DE CONTROL
campo de control 000046068
003 - IDENTIFICADOR DEL NÚMERO DE CONTROL
campo de control DO-SdBNP
005 - FECHA Y HORA DE LA ÚLTIMA TRANSACCIÓN
campo de control 20230203142252.0
007 - CAMPO FIJO DE DESCRIPCIÓN FÍSICA--INFORMACIÓN GENERAL
campo de control de longitud fija ta
008 - DATOS DE LONGITUD FIJA--INFORMACIÓN GENERAL
campo de control de longitud fija 150617e1987 dr gr 001 pdspa d
040 ## - FUENTE DE LA CATALOGACIÓN
Centro catalogador/agencia de origen DO-SdBNP
Lengua de catalogación spa
Centro/agencia transcriptor BNPHU
082 #4 - NÚMERO DE LA CLASIFICACIÓN DECIMAL DEWEY
Número de edición 22
Número de documento/Ítem F819c
100 1# - ENTRADA PRINCIPAL--NOMBRE DE PERSONA
Nombre de persona Francisco, Ramón
9 (RLIN) 20549
Fechas asociadas al nombre 1929- 2004
245 10 - MENCIÓN DE TÍTULO
Título Critic-A-demas. /
Mención de responsabilidad, etc. Ramón Francisco.
260 ## - PUBLICACIÓN, DISTRIBUCIÓN, ETC.
Lugar de publicación, distribución, etc. Santo Domingo :
Nombre del editor, distribuidor, etc. Publicaciones América,
Fecha de publicación, distribución, etc. 1987
300 ## - DESCRIPCIÓN FÍSICA
Extensión 265 p. ;
Dimensiones 21 cm.
500 ## - NOTA GENERAL
Nota general Incluye datos biográficos del autor en la contracubierta.
505 ## - NOTA DE CONTENIDO CON FORMATO
Título Del pensamiento y la expresión poéticas.--
-- De la aldea, de los trenes y del éxodo, o sea, un análisis (y) una épica.--
-- De muerte en blanco a son de guerra y amores.--
-- El poema maduro de los años maduros.--
-- Trenes y éxodo.--
-- El sonoro modo del mambú sonoro.--
-- La marcha de la humanidad.--
-- El hallazgo de la aldea.--
-- Epílogo.--
-- La Literatura Dominicana de los años 60.--
-- El gran nombrador.--
-- La novela que aspira a parecerse a la vida.--
-- Las devastaciones.--
-- Reflexione sobre unos manuscritos.--
-- De Pedro Peix y de la importancia actual de la narración.--
-- Apuntes para la presentación de un libro de poemas.--
-- Literatura y obra literaria. Carta a Héctor Díaz Polanco.--
-- Crítica del criterio.--
-- Perspectiva de la perspectiva.--
-- Incursiones patronales.--
-- Detalle de los detalles.--
-- Diferencias de forma pero no de fondo.--
-- Cien Años de Soledad: Una Trampa.--
-- Vida y Cultura en la Prehistoria de Santo Domingo.--
-- Apostolador Destutanado
-- Anuncio la Epopeya Tony-Ca.--
-- La luz Herida de Rodolfo.--
-- Disputa Entre Artistas.
590 ## - NOTA LOCAL (RLIN)
Nota local Inventariado 2023 / MF
942 ## - ELEMENTOS DE PUNTO DE ACCESO ADICIONAL (KOHA)
Fuente del sistema de clasificación o colocación Dewey Decimal Classification
Tipo de ítem Koha Libro
Existencias
Estado de retiro Estado de pérdida Fuente del sistema de clasificación o colocación Restricciones de uso No para préstamo Código de colección Localización permanente Ubicación/localización actual Ubicación en estantería Fecha de adquisición Signatura topográfica completa Código de barras Fecha visto por última vez Precio válido a partir de Tipo de ítem Koha Nota pública Fuente de adquisición Total de préstamos Número de copia
    Dewey Decimal Classification Excluido de préstamo   Patrimonio Dominicano Biblioteca Nacional Pedro Henríquez Ureña Biblioteca Nacional Pedro Henríquez Ureña Depósito 17.06.2015 46068-10 25.06.2020 25.06.2020 Libro Perteneció a la biblioteca personal de Erick Landestoy      
    Dewey Decimal Classification Excluido de préstamo   Patrimonio Dominicano Biblioteca Nacional Pedro Henríquez Ureña Biblioteca Nacional Pedro Henríquez Ureña En catalogación 22.06.2020 F819c 2023-0563 02.02.2023 02.02.2023 Libro   Compra / Enayre Group   e.2

Con tecnología Koha